000 00892cam a22002654a 4500
001 13059387
005 20180223080539.0
008 030116s2003 nyua b 001 0 eng
010 _a 2003001091
020 _a1572308761 (hardcover : alk. paper)
020 _a1572308753 (pbk. : alk. paper)
040 _aDLC
_cDLC
_dDLC
041 _aeng
042 _apcc
043 _an-us---
080 _a428.407 les
082 0 0 _a428.407 les
_221
100 _a49
101 _asoc
245 0 0 _aBest practices in literacy instruction /
_cLesley Mandel Morrow, Linda B. Gambrell, Michael Pressley, editors ; foreword by Dorothy S. Strickland.
504 _aIncludes bibliographical references and index.
906 _a7
_bcbc
_corignew
_d1
_eecip
_f20
_gy-gencatlg
942 _2ddc
_cBK
999 _c43284
_d43284